Normal view
MARC view
- TOP-DOWN NETWORK DESIGN.ENTERPRISE NETWORK DESIGN.CISCO
Entry Topical Term
001 - CONTROL NUMBER
- control field: 68996
003 - CONTROL NUMBER IDENTIFIER
- control field: NUST
005 - DATE AND TIME OF LATEST TRANSACTION
- control field: 20210628204143.0
008 - FIXED-LENGTH DATA ELEMENTS
- fixed length control field: 210628|| aca||aabn | a|a d
040 ## - CATALOGING SOURCE
- Original cataloging agency: NUST
- Transcribing agency: NUST
150 ## - HEADING--TOPICAL TERM
- Topical term or geographic name entry element: TOP-DOWN NETWORK DESIGN.ENTERPRISE NETWORK DESIGN.CISCO
670 ## - SOURCE DATA FOUND
- Source citation: Work cat.: (NUST): Oppenheimer, Priscilla 68995, Top-down network design , a systems analysis approach to enterprise network design, 2012
